Gry A-O - Statystyki

Ogólne statystyki
  • Ten quiz został rozwiązany 784 razy
  • Średni wynik to 9 z 15
Statystyki odpowiedzi
Hint Odpowiedź % Poprawnych
Battle Royale Fortnite
89%
Asasyni Assassin's Creed
87%
Liga legend League of Legends
86%
Po prostu tańcz Just Dance
84%
Trevor Philips Grand Theft Auto
82%
Diabeł Diablo
79%
Ciężarówki Euro Truck Simulator
70%
Pole bitwy Battlefield
66%
Wezwanie do służby Call of Duty
64%
Połowiczne życie Half-life
64%
Sześciany Minecraft
62%
Samochodziki Need for Speed
58%
Bohaterowie nigdy nie umierają Overwatch
25%
Mały, różowy stworek Kirby
14%
Branże tytanów Industries of Titan
1%
Nie znaleziono quizów pasujących do podanych kryteriów
Rozkład punktacji
Procent ludzi z każdym wynikiem
Percentyl według liczby udzielonych odpowiedzi
Twoja historia wyników
Nie rozwiązałeś tego quizu